| 000 | 00000nam##2200000za#4500 |
| 001 | 9.573055 |
| 003 | CaOODSP |
| 005 | 20210624183523 |
| 007 | cr ||||||||||| |
| 008 | 150406|2003||||xxc|||||o f|0| 0 eng|d |
| 040 | |aCaOODSP|beng |
| 043 | |an-cn--- |
| 086 | 1 |aBT31-4/30-2003E-PDF |
| 110 | 1 |aCanada. |bTreasury Board. |
| 245 | 10|aCanadian Space Agency, performance report for the period ending March 31, 2003 |h[electronic resource] |
| 260 | |bTreasury Board of Canada Secretariat |c2003. |
| 300 | |a48p.|bgraph, tables |
| 490 | 1 |aPerformance report for the period ending March 31, 2003 |
| 590 | |a12-06-Supp|b2012-03-07 |
| 775 | 08|tAgence spatiale canadienne - rapport sur le rendement pour la période se terminant le 31 mars 2003 |w(CaOODSP)9.603291 |
| 776 | 0#|tCanadian Space Agency |w(CaOODSP)9.538298 |
| 776 | 0#|tAgence spatiale canadienne |w(CaOODSP)9.538299 |
| 830 | #0|aPerformance report for the period ending March 31, 2003.|w(CaOODSP)9.504909 |
| 856 | 40|ahttp://publications.gc.ca|qPDF|s161 KB|uhttps://publications.gc.ca/collections/collection_2012/sct-tbs/BT31-4-30-2003-eng.pdf |